Statistiques concernant Culture Générale - Série 2430

Cliquez ici pour prendre le quiz!

Statistiques générales

  • Ce quiz a été pris 165 fois
  • Le résultat moyen est 6 sur 10

Statistiques - réponses

QuestionRéponse% Correct
De quel pays Reykjavik est-elle la capitale ?Islande
92%
Quelle note de musique est également appelée "ut" ?do
89%
Dans quel pays se trouve le site archéologique de Troie ?Turquie
76%
Dans quel sport s'est illustrée Chris Evert ?tennis
66%
Quelle chanteuse française interprète les titres "Je veux" et "On ira" ?Zaz
62%
Qui a écrit "J'irai cracher sur vos tombes" en1946 ? prénom et nomBoris Vian
56%
Comment écrit-on 509 en chiffres romains ?DIX
55%
Sur quel pays règne Charles XVI Gustave depuis 1973 ?Suède
55%
En informatique, quel mot français est utilisé pour traduire un spam (message indésirable) ?pourriel
37%
Quel est le nom de la statue sculptée par Michel-Ange représentée en vignette ?La Pietà
11%

Distribution des résultats

Percentile par nombre de réponses

% des personnes avec chaque résultat

Votre développement - résultats

Vous n’avez pas pris ce quiz